[Event "Karvina"]
[Site "Karvina CZE"]
[Date "2001.07.01"]
[EventDate "2001.06.30"]
[Round "2"]
[Result "0-1"]
[White "Joanna Worek"]
[Black "Tomas Kulhanek"]
[WhiteElo "2215"]
[BlackElo "2391"]
[PlyCount "42"]

1. d4 Nf6 2. c4 e6 3. Nc3 Bb4 4. Qc2 c5 5. e3 O-O 6. Nf3 b6
7. a3 Bxc3+ 8. Qxc3 Bb7 9. b4 d6 10. Bb2 Ne4 11. Qb3 Nd7
12. Rd1 Qe7 13. dxc5 bxc5 14. b5 f5 15. Be2 e5 16. O-O Rf6
17. a4 Raf8 18. Nd2 Rh6 19. Qc2 Nxd2 20. Qxd2 Qh4 21. h3 Bxg2
0-1

[Event "Karvina"]
[Site "Karvina CZE"]
[Date "2001.07.03"]
[EventDate "2001.06.30"]
[Round "4"]
[Result "0-1"]
[White "Joanna Worek"]
[Black "Jakub Lahner"]
[WhiteElo "2215"]
[BlackElo "2079"]
[PlyCount "118"]

1. d4 Nf6 2. c4 e6 3. Nc3 Bb4 4. Qc2 O-O 5. a3 Bxc3+ 6. Qxc3
Ne4 7. Qc2 f5 8. Nh3 b6 9. f3 Nf6 10. e3 c5 11. b4 a5 12. b5
Qc7 13. Bb2 d6 14. Be2 Bb7 15. O-O Nbd7 16. Rfd1 d5 17. Rac1
cxd4 18. exd4 dxc4 19. Bxc4 Qd6 20. a4 Nd5 21. Qd3 Nb4 22. Qb3
Bd5 23. Ba3 Nf6 24. Nf2 Rac8 25. Nd3 Bxc4 26. Rxc4 Qd5
27. Rdc1 Nxd3 28. Qxd3 Rxc4 29. Rxc4 Rd8 30. Qc3 e5 31. dxe5
Qd1+ 32. Kf2 Rd2+ 33. Kg3 Ne4+ 34. Rxe4 fxe4 35. Qc4+ Rd5
36. Bd6 h6 37. Qc8+ Kh7 38. Qf5+ Kg8 39. Qxe4 Rd4 40. Qe3 Rxa4
41. Bc7 Qc2 42. Qxb6 Ra2 43. Kh4 Qxg2 44. Qe6+ Kh7 45. Qf5+
Qg6 46. Qxg6+ Kxg6 47. b6 Rxh2+ 48. Kg3 Rb2 49. b7 Rxb7
50. Bxa5 Kf5 51. Bc3 g5 52. Bd2 Rb3 53. Bc1 Kxe5 54. Kg4 Rb4+
55. Kg3 Kf5 56. Be3 Rb3 57. Kf2 h5 58. Bc1 h4 59. Kg2 Rc3 0-1

[Event "Karvina"]
[Site "Karvina CZE"]
[Date "2001.07.06"]
[EventDate "2001.06.30"]
[Round "7"]
[Result "1-0"]
[White "Slawomir Ulak"]
[Black "Joanna Worek"]
[WhiteElo "2320"]
[BlackElo "2215"]
[PlyCount "32"]

1. d4 Nf6 2. c4 g6 3. g3 Bg7 4. Bg2 O-O 5. Nc3 d6 6. Nf3 c6
7. O-O Qa5 8. h3 Be6 9. d5 cxd5 10. Nd4 dxc4 11. Nxe6 fxe6
12. Bxb7 Nbd7 13. Bxa8 Rxa8 14. Bd2 Qh5 15. Qc2 Nc5 16. f3 Nd5
1-0

[Event "Karvina"]
[Site "Karvina CZE"]
[Date "2001.07.08"]
[EventDate "2001.06.30"]
[Round "9"]
[Result "0-1"]
[White "Ilya Mironov"]
[Black "Joanna Worek"]
[WhiteElo "2280"]
[BlackElo "2215"]
[PlyCount "92"]

1. d4 Nf6 2. c4 g6 3. Nc3 Bg7 4. e4 d6 5. Nf3 O-O 6. h3 e5
7. d5 Nh5 8. Nh2 Nd7 9. g3 Nhf6 10. g4 Ne8 11. Be3 c5 12. Bd3
a6 13. Nf1 f5 14. exf5 gxf5 15. Bxf5 e4 16. Bxe4 Ne5 17. Nd2
Nf6 18. Bc2 b5 19. f4 Nxc4 20. Nxc4 bxc4 21. O-O Nd7 22. Ne4
Qe7 23. Rf3 Bb7 24. g5 Nb6 25. Rg3 Nxd5 26. Qh5 Nxe3 27. Nf6+
Rxf6 28. gxf6 Qxf6 29. Qxh7+ Kf8 30. Rxe3 Qd4 31. Qf5+ Bf6
32. Qe6 Qxe3+ 33. Qxe3 Bd4 34. Re1 Kf7 35. Kh2 Bxe3 36. Rxe3
d5 37. h4 Rh8 38. Kh3 Bc8+ 39. f5 Kf6 40. Kg4 d4 41. Rf3 d3
42. Ba4 Rg8+ 43. Kf4 Bxf5 44. Ke3 Ke5 45. Kd2 Rg2+ 46. Kc3 Bd7
0-1

[Event "Rubinstein Open"]
[Site "Polanica Zdroj POL"]
[Date "2001.08.20"]
[EventDate "2001.08.16"]
[Round "5"]
[Result "1-0"]
[White "Joanna Worek"]
[Black "Maciej Swicarz"]
[WhiteElo "2210"]
[BlackElo "2309"]
[PlyCount "117"]

1. d4 d6 2. c4 e5 3. dxe5 dxe5 4. Qc2 c6 5. Nc3 Be6 6. e3 Nd7
7. Nf3 Ngf6 8. Be2 h6 9. b3 Rc8 10. Bb2 Bd6 11. Rd1 Bb8
12. Nd2 O-O 13. Nde4 Nxe4 14. Nxe4 Qc7 15. O-O f5 16. Nd6 e4
17. g3 Rcd8 18. c5 b6 19. b4 bxc5 20. bxc5 Bxa2 21. Qc3 Nf6
22. Nxf5 Rxd1 23. Rxd1 Bd5 24. Bc4 Qf7 25. Bxd5 cxd5 26. Qxf6
Qxf6 27. Bxf6 Rxf6 28. Rxd5 Kf7 29. Nd4 Ke8 30. Kg2 g6 31. c6
Bc7 32. Nb5 Rxc6 33. Nxa7 Re6 34. Nb5 Be5 35. Rc5 Kf7 36. Rc4
Rb6 37. Na7 Bb8 38. Nc6 Bd6 39. Nd4 Kf6 40. Ne2 Ke5 41. Nc3
Rb4 42. Rc6 h5 43. h4 Ke6 44. Rc8 Be5 45. Re8+ Kf5 46. Nd5 Rb8
47. Re7 Bd6 48. Ra7 Rb5 49. Nc3 Rc5 50. Ne2 Be5 51. Ra6 Rc2
52. Ng1 Rc5 53. Nh3 Bf6 54. f3 Rc2+ 55. Nf2 exf3+ 56. Kxf3 Bd8
57. e4+ Ke5 58. Nd3+ Kd4 59. Rd6+ 1-0

[Event "Rubinstein Open"]
[Site "Polanica Zdroj POL"]
[Date "2001.08.22"]
[EventDate "2001.08.16"]
[Round "7"]
[Result "1-0"]
[White "Joanna Worek"]
[Black "Anastazia Karlovich"]
[WhiteElo "2210"]
[BlackElo "2295"]
[PlyCount "73"]

1. d4 Nf6 2. c4 c5 3. d5 b5 4. cxb5 a6 5. b6 d6 6. Nc3 Qxb6
7. Nf3 g6 8. Nd2 Bg7 9. e4 Nbd7 10. Be2 O-O 11. O-O Ne8 12. a4
Nc7 13. Nc4 Qa7 14. f4 Nb6 15. Na5 Bd4+ 16. Kh1 Bd7 17. Ra3 e6
18. Bc4 exd5 19. exd5 Ne8 20. Ne2 Nxc4 21. Nxc4 Bg4 22. Rg3
Bxe2 23. Qxe2 Qb7 24. f5 Nf6 25. fxg6 hxg6 26. Nxd6 Qxd5
27. Nf5 Qe4 28. Qd2 Nh5 29. Rg4 Qe6 30. Qh6 Ng7 31. Rh4 Nh5
32. Rxh5 gxh5 33. Qg5+ Kh7 34. Qxh5+ Kg8 35. Qg5+ Kh7 36. Qh4+
Kg8 37. Ne7+ 1-0

[Event "WYG16"]
[Site "Oropesa del Mar ESP"]
[Date "2001.10.26"]
[EventDate "2001.10.06"]
[Round "6"]
[Result "1-0"]
[White "Alina L'Ami"]
[Black "Joanna Worek"]
[WhiteElo "2223"]
[BlackElo "2203"]
[PlyCount "49"]

1. d4 Nf6 2. c4 g6 3. Nc3 Bg7 4. e4 d6 5. h3 O-O 6. Bg5 Na6
7. Bd3 e5 8. d5 Qe8 9. g4 Nd7 10. a3 f5 11. b4 fxe4 12. Nxe4
Nf6 13. f3 Nxe4 14. Bxe4 Nb8 15. Ne2 Nd7 16. O-O Nf6 17. Ng3
Bd7 18. c5 Qe7 19. Be3 Ne8 20. a4 Qh4 21. Kg2 Bh6 22. Bf2 Qf6
23. c6 bxc6 24. dxc6 Be6 25. Bd5 1-0

[Event "WYG16"]
[Site "Oropesa del Mar ESP"]
[Date "2001.10.29"]
[EventDate "2001.10.06"]
[Round "8"]
[Result "0-1"]
[White "Nataliya Hryhorenko"]
[Black "Joanna Worek"]
[WhiteElo "2280"]
[BlackElo "2203"]
[PlyCount "85"]

1. d4 Nf6 2. Nf3 g6 3. Bf4 Bg7 4. e3 d6 5. h3 O-O 6. Be2 Nc6
7. c4 Nd7 8. Nc3 e5 9. Bh2 f5 10. O-O e4 11. Nd2 Kh8 12. c5
Nf6 13. cxd6 cxd6 14. Nc4 Ne8 15. Qb3 g5 16. d5 Ne5 17. Nxe5
dxe5 18. Rfd1 Nd6 19. Nb5 a6 20. Nxd6 Qxd6 21. Rac1 g4
22. hxg4 f4 23. Qc2 f3 24. Bf1 fxg2 25. Be2 Qg6 26. d6 Bxg4
27. Bxg4 Qxg4 28. d7 Rad8 29. Qc7 Qf5 30. Rd2 Bf6 31. Qd6 h5
32. Rc7 h4 33. Rdc2 h3 34. Rxb7 Bg7 35. Qe7 Qf3 36. Qh4+ Kg8
37. Rc1 Qe2 38. Rbc7 Qf3 39. Bg3 Qf5 40. Qe7 Bf6 41. Qd6 Rf7
42. Rd1 h2+ 43. Bxh2 0-1

[Event "WYG16"]
[Site "Oropesa del Mar ESP"]
[Date "2001.10.30"]
[EventDate "2001.10.06"]
[Round "9"]
[Result "1/2-1/2"]
[White "Joanna Worek"]
[Black "Nana Dzagnidze"]
[WhiteElo "2203"]
[BlackElo "2372"]
[PlyCount "100"]

1. d4 Nf6 2. c4 e6 3. Nc3 Bb4 4. Qc2 d5 5. e3 O-O 6. Nf3 Nbd7
7. cxd5 exd5 8. Bd3 c5 9. O-O c4 10. Be2 Re8 11. Nd2 Nf8
12. b3 Bg4 13. Bxg4 Nxg4 14. bxc4 dxc4 15. h3 Rxe3 16. Nd1 Rd3
17. Nxc4 Rxd4 18. hxg4 Rc8 19. Nde3 b5 20. Qb3 a5 21. Ne5 Ne6
22. Nf5 Rc3 23. Qb1 Rd1 24. Rxd1 Qxd1+ 25. Kh2 f6 26. Bb2 Qe2
27. Bxc3 Bxc3 28. Nf3 Bxa1 29. Qxa1 Qxf2 30. Qd1 Qc5 31. Qd7
Qc7+ 32. Qxc7 Nxc7 33. N3d4 b4 34. Ne7+ Kf7 35. Nec6 Nd5
36. Nxa5 Nc3 37. Kg3 Nxa2 38. Kf4 g6 39. Nac6 Ke8 40. Ke4 Nc3+
41. Kd3 Nd5 42. g3 Kd7 43. Na5 Nc3 44. Nab3 Kd6 45. Nc2 Nd5
46. Ke2 Nc3+ 47. Kf3 Nd5 48. Ke4 Nc3+ 49. Ke3 Nd5+ 50. Kd4 Nc3
1/2-1/2

[Event "WYG16"]
[Site "Oropesa del Mar ESP"]
[Date "2001.11.01"]
[EventDate "2001.10.06"]
[Round "10"]
[Result "1-0"]
[White "Joanna Worek"]
[Black "Elmira Hasanova"]
[WhiteElo "2203"]
[BlackElo "2252"]
[PlyCount "61"]

1. d4 Nf6 2. c4 c5 3. d5 b5 4. cxb5 a6 5. b6 d6 6. Nc3 Nbd7
7. Nf3 g6 8. e4 Bg7 9. Be2 O-O 10. a4 a5 11. O-O Nxb6 12. Nd2
Ne8 13. Qc2 Nc7 14. Nc4 Nxc4 15. Bxc4 Ba6 16. Bxa6 Rxa6
17. Ra3 Rb6 18. Kh1 Qb8 19. f4 f5 20. exf5 Rxf5 21. Qe4 e6
22. dxe6 d5 23. Qf3 Bxc3 24. Qxc3 Nxe6 25. Qxa5 Nxf4 26. Qd2
Re6 27. Raf3 Re4 28. g3 Re2 29. Qd1 Rh5 30. R3f2 d4 31. Bxf4
1-0

[Event "WYG16"]
[Site "Oropesa del Mar ESP"]
[Date "2001.11.02"]
[EventDate "2001.10.06"]
[Round "11"]
[Result "1/2-1/2"]
[White "Joanna Worek"]
[Black "Sopiko Khukhashvili"]
[WhiteElo "2203"]
[BlackElo "2333"]
[PlyCount "54"]

1. d4 Nf6 2. c4 e6 3. Nf3 b6 4. g3 Ba6 5. b3 Bb4+ 6. Bd2 Be7
7. Bg2 Bb7 8. O-O O-O 9. Bc3 d5 10. Nbd2 c5 11. Rc1 Na6 12. e3
Rc8 13. Qe2 Qc7 14. Bb2 Rfd8 15. Rfd1 h6 16. cxd5 exd5 17. Ne5
Bd6 18. Ndf3 Qe7 19. Bh3 Rc7 20. Nh4 g6 21. Nhf3 Ne4 22. Ng4
Kh7 23. Nd2 Bc8 24. Nxe4 dxe4 25. dxc5 Bxg4 26. cxd6 Bxe2
27. dxe7 Re8 1/2-1/2

[Event "Hastings Chess Congress"]
[Site "Hastings ENG"]
[Date "2009.12.28"]
[EventDate "2009.12.28"]
[Round "1"]
[Result "1-0"]
[White "Joanna Worek"]
[Black "Andrew David Martin"]
[WhiteElo "2226"]
[BlackElo "2423"]
[PlyCount "61"]

1. Nf3 d5 2. d4 Nf6 3. c4 dxc4 4. e3 Bg4 5. Bxc4 e6 6. O-O a6
7. h3 Bh5 8. a4 Nc6 9. Nc3 Bd6 10. Be2 O-O 11. b3 h6 12. Bb2
Re8 13. Nd2 Bxe2 14. Qxe2 e5 15. d5 Nb4 16. e4 c6 17. Nc4 cxd5
18. Nxd5 Nbxd5 19. exd5 Bc5 20. Rfd1 Bd4 21. Bxd4 exd4 22. Qd3
b5 23. axb5 axb5 24. Rxa8 Qxa8 25. Nd6 Rd8 26. Nf5 Kh8 27. Qg3
Rg8 28. Rxd4 Nxd5 29. Qe5 Qa1+ 30. Kh2 Nb6 31. Nxh6 1-0

[Event "Hastings Chess Congress"]
[Site "Hastings ENG"]
[Date "2010.01.01"]
[EventDate "2009.12.28"]
[Round "5"]
[Result "1-0"]
[White "Joanna Worek"]
[Black "Hugh R Brechin"]
[WhiteElo "2226"]
[BlackElo "2025"]
[PlyCount "51"]

1. d4 Nf6 2. c4 e6 3. Nc3 Bb4 4. Qc2 O-O 5. a3 Bxc3+ 6. Qxc3
d5 7. Nf3 c6 8. Bf4 Nbd7 9. e3 Re8 10. c5 Ne4 11. Qc2 f6
12. Bd3 e5 13. dxe5 fxe5 14. Bxe4 exf4 15. Bxh7+ Kh8 16. Bg6
Rf8 17. O-O fxe3 18. fxe3 Qe7 19. b4 Qxe3+ 20. Kh1 Qh6 21. Ne5
Nf6 22. Bf7 g5 23. Ng6+ Kg7 24. Nxf8 Kxf8 25. Bg6 Kg7 26. Rae1
1-0

[Event "Hastings Chess Congress"]
[Site "Hastings ENG"]
[Date "2010.01.03"]
[EventDate "2009.12.28"]
[Round "7"]
[Result "1-0"]
[White "Joanna Worek"]
[Black "Rasa Norinkeviciute"]
[WhiteElo "2226"]
[BlackElo "2027"]
[PlyCount "37"]

1. d4 Nf6 2. c4 e6 3. Nc3 Bb4 4. Qc2 d5 5. cxd5 exd5 6. Bg5
Nbd7 7. e3 c6 8. Bd3 O-O 9. Bxh7+ Kh8 10. Bd3 Re8 11. Nge2 Nf8
12. O-O Qd6 13. Bf4 Qe6 14. Ng3 Qd7 15. Bf5 Ne6 16. Be5 Qe7
17. Qe2 Ng8 18. Qh5+ Nh6 19. Qxh6+ 1-0

[Event "Hastings Chess Congress"]
[Site "Hastings ENG"]
[Date "2010.01.04"]
[EventDate "2009.12.28"]
[Round "8"]
[Result "1/2-1/2"]
[White "Peter A Williams"]
[Black "Joanna Worek"]
[WhiteElo "2012"]
[BlackElo "2226"]
[PlyCount "26"]

1. d4 Nf6 2. c4 d6 3. Nc3 Nbd7 4. e4 e5 5. d5 Be7 6. Bd3 O-O
7. Nge2 Nc5 8. Bc2 a5 9. O-O Nh5 10. Be3 Bg5 11. Qd2 Bxe3
12. Qxe3 g6 13. h3 Qe7 1/2-1/2

[Event "GER-POL w Match"]
[Site "Gladenbach GER"]
[Date "2012.07.17"]
[EventDate "2012.07.17"]
[Round "1.3"]
[Result "1/2-1/2"]
[White "Melanie Ohme"]
[Black "Joanna Worek"]
[WhiteElo "2315"]
[BlackElo "2319"]
[PlyCount "158"]

1. e4 c5 2. Nc3 e6 3. Nf3 d6 4. d4 cxd4 5. Nxd4 Nf6 6. g3 Bd7
7. Bg2 Nc6 8. O-O Be7 9. Ndb5 Qb8 10. Bg5 a6 11. Bxf6 gxf6
12. Nd4 h5 13. h4 Qa7 14. Nxc6 Bxc6 15. Re1 b5 16. Re3 Rc8
17. Ne2 Bb7 18. Nf4 Rc5 19. Bf3 Qa8 20. Nd3 Rc4 21. b3 Rc3
22. Qd2 Qc8 23. Ne1 Rxe3 24. Qxe3 Qc5 25. Qe2 Bd8 26. Rd1 Bb6
27. Nd3 Qc3 28. Nf4 Ke7 29. Rd3 Qe5 30. Kh2 b4 31. Rd2 a5
32. Kg2 Rc8 33. Nxh5 Rc3 34. Nf4 Rxf3 35. Kxf3 f5 36. Kg2 fxe4
37. Rd1 Qc5 38. Kg1 d5 39. h5 e5 40. Ng2 Qc8 41. Ne3 d4
42. Ng4 Qf5 43. h6 Qh5 44. Re1 f6 45. Nh2 Qxh6 46. Qb5 e3
47. fxe3 Qh3 48. Re2 Qxg3+ 49. Kf1 Qh3+ 50. Ke1 Qe6 51. exd4
e4 52. Nf1 f5 53. Rh2 Bc8 54. Rh7+ Kd8 55. Rh8+ Kc7 56. d5 Qd7
57. Rxc8+ Kxc8 58. Qxb6 Qxd5 59. Ne3 Qe5 60. Qc6+ Kb8 61. Qb6+
Kc8 62. Qg6 f4 63. Qf5+ Qxf5 64. Nxf5 Kd7 65. Ke2 Ke6 66. Nd4+
Kd5 67. Nb5 Kc5 68. Nc7 Kd6 69. Ne8+ Ke5 70. Kd2 Kd4 71. Nf6
e3+ 72. Ke2 Kc3 73. Nd5+ Kxc2 74. Nxf4 Kb2 75. Nd3+ Kxa2
76. Nc5 Ka3 77. Kxe3 a4 78. bxa4 b3 79. Nxb3 Kxa4 1/2-1/2

[Event "GER-POL w Match"]
[Site "Gladenbach GER"]
[Date "2012.07.18"]
[EventDate "2012.07.17"]
[Round "2.2"]
[Result "1/2-1/2"]
[White "Joanna Worek"]
[Black "Tatjana Melamed"]
[WhiteElo "2319"]
[BlackElo "2341"]
[PlyCount "34"]

1. d4 Nf6 2. c4 c5 3. Nf3 cxd4 4. Nxd4 b6 5. Nc3 Bb7 6. Bg5 e6
7. e3 a6 8. f3 Be7 9. Be2 O-O 10. O-O d5 11. cxd5 Nxd5
12. Bxe7 Qxe7 13. Nxd5 exd5 14. Qd2 Nd7 15. Rac1 Rac8 16. Bd3
g6 17. Rfe1 Rfe8 1/2-1/2

[Event "GER-POL w Match"]
[Site "Gladenbach GER"]
[Date "2012.07.20"]
[EventDate "2012.07.17"]
[Round "4.5"]
[Result "0-1"]
[White "Joanna Worek"]
[Black "Hanna-Marie Klek"]
[WhiteElo "2319"]
[BlackElo "2238"]
[PlyCount "132"]

1. c4 Nf6 2. Nc3 g6 3. d4 Bg7 4. Nf3 O-O 5. g3 d6 6. Bg2 c6
7. O-O Qb6 8. b3 e5 9. Bb2 Re8 10. e4 Bg4 11. d5 Na6 12. h3
Bxf3 13. Qxf3 Nc5 14. Rab1 a5 15. Bc1 Nfd7 16. Rd1 Qc7 17. a3
a4 18. bxa4 Nxa4 19. dxc6 bxc6 20. Rb4 Nac5 21. Ne2 Ra6
22. Qc3 Rea8 23. Qd2 Bf8 24. h4 Nf6 25. Qc2 Qe7 26. Qb1 Qe6
27. Qc2 Qe7 28. Qb1 Qa7 29. Bf3 Qc7 30. Kg2 h5 31. Nc3 Ne6
32. Ne2 Nd7 33. Kh2 Ndc5 34. Bg2 Bg7 35. Bb2 Na4 36. Bc1 Nac5
37. Bb2 Na4 38. Bc1 Nd4 39. Rb7 Qd8 40. Nxd4 exd4 41. Qc2 Nc5
42. Rb4 Qe7 43. Qb1 Kh7 44. Bb2 d3 45. Bc1 Bd4 46. Rxd3 Nxd3
47. Qxd3 Bxf2 48. Rb3 c5 49. e5 Rf8 50. Bd5 dxe5 51. Rb7 e4
52. Bxe4 Qe5 53. Bf4 Qd4 54. Qe2 Kg7 55. Bd5 Kg8 56. Rxf7 Rxf7
57. Qe8+ Kh7 58. Bxf7 Qh8 59. Qe7 Bd4 60. Qg5 Qg7 61. Be8 Rxa3
62. Bc6 Ra2+ 63. Kh3 Bg1 64. Bg2 Qd7+ 65. g4 hxg4+ 66. Kg3
Qd3+ 0-1

[Event "European Individual Championships"]
[Site "Legnica POL"]
[Date "2013.05.06"]
[EventDate "2013.05.05"]
[Round "2.99"]
[Result "1/2-1/2"]
[White "Frank Holzke"]
[Black "Joanna Worek"]
[WhiteElo "2499"]
[BlackElo "2299"]
[PlyCount "37"]

1. e4 c5 2. Nf3 e6 3. d4 cxd4 4. Nxd4 Nf6 5. Nc3 d6 6. g4 e5
7. Bb5+ Bd7 8. Bxd7+ Qxd7 9. Nf5 h5 10. gxh5 Nxh5 11. Bh6 g6
12. Bxf8 gxf5 13. Bxd6 Nc6 14. Bc5 Qxd1+ 15. Rxd1 b6 16. Be3
f4 17. Bc1 Ng7 18. b3 Ne6 19. Bb2 1/2-1/2

[Event "European Team Championship (Women)"]
[Site "Warsaw POL"]
[Date "2013.11.16"]
[EventDate "2013.11.08"]
[Round "8.5"]
[Result "0-1"]
[White "Joanna Worek"]
[Black "Irina Bulmaga"]
[WhiteElo "2336"]
[BlackElo "2399"]
[PlyCount "88"]

1. d4 Nf6 2. c4 e6 3. Nf3 b6 4. g3 Bb7 5. Bg2 Be7 6. O-O O-O
7. Nc3 Ne4 8. Qc2 Nxc3 9. bxc3 Qc8 10. e4 d6 11. Re1 Nd7
12. Bf4 Re8 13. a4 Bf6 14. a5 e5 15. Bd2 c5 16. d5 bxa5
17. Rxa5 Bd8 18. Ra3 Nb6 19. Qa2 a5 20. Rb1 a4 21. Nh4 g6
22. Bf3 Ba6 23. Be2 Rb8 24. Ng2 Bf6 25. h4 Qc7 26. Ne3 Bc8
27. Bg4 h5 28. Bxc8 Qxc8 29. Kg2 Qa6 30. Ra1 Bg7 31. Qc2 Bh6
32. Nf1 Bg7 33. Ne3 Kh7 34. g4 hxg4 35. Nxg4 Qc8 36. Kg3 f5
37. exf5 Qxf5 38. Qd1 Nxc4 39. Rxa4 Nb2 40. Qe2 Nxa4 41. Rxa4
Rb2 42. Ra7 Qf4+ 43. Bxf4 exf4+ 44. Kf3 Rbxe2 0-1

[Event "Chess Olympiad (Women)"]
[Site "Tromso NOR"]
[Date "2016.09.12"]
[EventDate "2016.09.02"]
[Round "10.26"]
[Result "0-1"]
[White "Shamima Akter Liza"]
[Black "Joanna Worek"]
[WhiteElo "2129"]
[BlackElo "2360"]
[PlyCount "56"]

1. d4 Nf6 2. c4 e6 3. Nc3 Bb4 4. Bg5 c5 5. d5 d6 6. e3 exd5
7. cxd5 Nbd7 8. Bd3 h6 9. Bh4 Ne5 10. Bc2 O-O 11. Ne2 Ng6
12. Bg3 Nh5 13. O-O Qe7 14. Qd3 Nxg3 15. Nxg3 f5 16. f4 c4
17. Qe2 Bd7 18. Kh1 Rac8 19. e4 Bxc3 20. bxc3 fxe4 21. f5 Ne5
22. Qxe4 Qg5 23. Qd4 Ng4 24. f6 Rxf6 25. Ne4 Rxf1+ 26. Rxf1
Qe3 27. Qd1 Re8 28. Nxd6 Qe5 0-1

[Event "European Individual Championship (Women)"]
[Site "Riga, Latvia"]
[Date "2017.04.11"]
[EventDate "2017.04.11"]
[Round "1"]
[Result "1-0"]
[White "Joanna Worek"]
[Black "Sinem Cagla Gundogan"]
[WhiteElo "2330"]
[BlackElo "1885"]
[PlyCount "79"]

1.e4 e5 2.Nf3 Nc6 3.d4 exd4 4.Nxd4 Bc5 5.Nb3 Bb6 6.Nc3 Nf6
7.Qe2 d6 8.Be3 Be6 9.O-O-O Qe7 10.g3 Bxb3 11.axb3 Nxe4 12.Nd5
Qe5 13.f4 Qe6 14.f5 Qxf5 15.Bg2 O-O 16.Rhf1 Nxg3 17.hxg3 Qe6
18.Qd2 Rfe8 19.Rde1 Ne5 20.Be4 c6 21. Nc3 Bxe3 22.Qxe3 d5
23.Bf5 Qd6 24.Qf4 g6 25.Qh6 Qf8 26.Qf4 Qd6 27.Bg4 Re7 28.Rd1
f5 29.Bh3 Rae8 30.g4 fxg4 31.Bxg4 Qc5 32.Kb1 Nxg4 33.Qxg4 Re5
34.b4 Qe7 35.Rf4 Re1 36.Rxe1 Qxe1+ 37.Ka2 a6 38.Na4 Qe6 39.Qf3
Qe2 40.Rf8+ 1-0

[Event "European Individual Championship (Women)"]
[Site "Riga, Latvia"]
[Date "2017.04.16"]
[EventDate "2017.04.16"]
[Round "6.65"]
[Result "1-0"]
[White "Sandra Harlinska"]
[Black "Joanna Worek"]
[WhiteElo "1881"]
[BlackElo "2330"]
[PlyCount "109"]

1.e4 c5 2.Nf3 e6 3.g3 Nc6 4.Bg2 d5 5.exd5 exd5 6.O-O Be7 7.d4
cxd4 8.Nxd4 Nf6 9.h3 O-O 10.Be3 Be6 11.Nd2 Qd7 12.Kh2 Rfe8
13.c3 Rac8 14.N2b3 Bf8 15. Nf3 Bf5 16.Re1 h6 17.Nc5 Qc7 18.Nd3
Be4 19.Bc5 Bxc5 20.Nxc5 Bxf3 21.Rxe8+ Rxe8 22.Bxf3 Ne5 23.Nd3
Nxf3+ 24.Qxf3 Qb6 25.Rd1 a5 26.Kg2 Re4 27.b3 Qd6 28.Nf4 d4
29.Nh5 Re6 30.Rxd4 Qe7 31.Nf4 Re1 32.Nd5 Nxd5 33.Rxd5 Ra1
34.Qd3 g6 35.Rd8+ Kh7 36.Qd4 g5 37.Qh8+ Kg6 38.Rg8+ Kf5
39.Qh7+ Ke6 40.Qxh6+ Kd7 41.Qh7 Rxa2 42.Qf5+ Kc7 43.c4 Kb6
44.Rxg5 Qe1 45.Qc5+ Ka6 46.Re5 Rxf2+ 47. Qxf2 Qxe5 48.h4 f6
49.Qf3 b5 50.Qc6+ Ka7 51.cxb5 Qb2+ 52.Kh3 Qxb3 53.Qc7+ Ka8
54.Qxa5+ Kb7 55.Qa6+ 1-0

[Event "European Individual Championship (Women)"]
[Site "?"]
[Date "2017.04.17"]
[EventDate "?"]
[Round "7.68"]
[Result "1-0"]
[White "Joanna Worek"]
[Black "Margarita Zvereva"]
[WhiteElo "2330"]
[BlackElo "1771"]
[PlyCount "135"]

1. d4 d5 2. c4 e6 3. Nc3 Nf6 4. cxd5 exd5 5. Bg5 c6 6. e3 Be7
7. Bd3 Bg4 8. Qc2 Bh5 9. Nf3 Bg6 10. Bxg6 hxg6 11. O-O-O Nbd7
12. h4 Qc7 13. Kb1 O-O-O 14. Rc1 a6 15. Rhd1 Nb6 16. Ne5 Bd6
17. Qb3 Rdf8 18. a4 Ne4 19. Nxe4 dxe4 20. Bf4 Nd5 21. Bg3 Rh6
22. Nxc6 bxc6 23. Qxd5 cxd5 24. Bxd6 Kd7 25. Rxc7+ Kxd6
26. Rdc1 Ke6 27. g4 Rd8 28. R1c6+ Rd6 29. Rxd6+ Kxd6 30. Rxf7
Rxh4 31. Rxg7 Rxg4 32. Ra7 Rg2 33. Rxa6+ Ke7 34. Ra7+ Ke6
35. Rg7 Rxf2 36. Rxg6+ Kd7 37. a5 Rf3 38. a6 Kc7 39. a7 Kb7
40. Ra6 Ka8 41. Ra3 Rf2 42. Kc1 Re2 43. b4 Re1+ 44. Kd2 Rb1
45. Ra4 Rb2+ 46. Ke1 Rb1+ 47. Kf2 Rb3 48. Ra5 Rxb4 49. Rxd5
Kxa7 50. Re5 Kb7 51. Rxe4 Kc7 52. Re6 Kd7 53. Rh6 Rb8 54. Kf3
Rf8+ 55. Ke4 Re8+ 56. Kd3 Ra8 57. d5 Ra4 58. e4 Rb4 59. Ke3
Rb8 60. Kd4 Rb4+ 61. Ke5 Rb1 62. Rh7+ Kd8 63. d6 Re1 64. Kd5
Rd1+ 65. Ke6 Kc8 66. e5 Rd2 67. Rc7+ Kb8 68. Rc3 1-0

[Event "European Individual Championship (Women)"]
[Site "Riga LAT"]
[Date "2017.04.22"]
[EventDate "?"]
[Round "11.49"]
[Result "0-1"]
[White "Joanna Worek"]
[Black "Anastasya Paramzina"]
[WhiteElo "2330"]
[BlackElo "2202"]
[PlyCount "100"]

1. e4 1... c5 2. Nf3 2... d6 3. d4 3... cxd4 4. Nxd4 4... Nf6
5. Nc3 5... a6 6. h3 6... Nc6 7. g4 7... Qb6 8. Nb3 8... e6
9. Be3 9... Qc7 10. g5 10... Nd7 11. h4 11... b5 12. a3
12... Bb7 13. f4 13... Nc5 14. Nd2 14... g6 15. Bg2 15... Bg7
16. Qf3 16... b4 17. axb4 17... Nxb4 18. Rc1 18... d5 19. Bxc5
Qxc5 20. e5 h6 21. Nb3 Qc7 22. Nd4 Bf8 23. h5 hxg5 24. hxg6
Rxh1+ 25. Bxh1 gxf4 26. Qxf4 Bg7 27. Nce2 Bc8 28. Nf3 Rb8
29. Bg2 fxg6 30. b3 Nc6 31. c4 Nb4 32. Qe3 dxc4 33. bxc4 Bb7
34. Kf1 Rd8 35. Qg5 Qf7 36. Rc3 Rd3 37. Rxd3 Nxd3 38. Nd4 Nxe5
39. Ke2 Nxc4 40. Qc5 Bxd4 41. Qxd4 Bd5 42. Ng5 Qf5 43. Ne4
Qh5+ 44. Bf3 Qh2+ 45. Kf1 Qe5 46. Nf6+ Kf7 47. Qxe5 Nxe5
48. Bxd5 Kxf6 49. Bb3 Nd3 50. Kg2 e5 0-1

[Event "ch-CZE"]
[Site "Ostrava CZE"]
[Date "2017.05.02"]
[EventDate "2017.04.29"]
[Round "4.10"]
[Result "1/2-1/2"]
[White "Joanna Worek"]
[Black "Petr Haba"]
[WhiteElo "2330"]
[BlackElo "2458"]
[PlyCount "26"]

1. d4 Nf6 2. c4 e6 3. Nc3 Bb4 4. Qc2 O-O 5. e4 d5 6. e5 Ne4
7. Bd3 c5 8. Nf3 cxd4 9. Nxd4 Nd7 10. cxd5 exd5 11. O-O Nxe5
12. Bxe4 dxe4 13. Qxe4 Re8 1/2-1/2

[Event "ch-CZE"]
[Site "Ostrava CZE"]
[Date "2017.05.03"]
[EventDate "2017.04.29"]
[Round "5.9"]
[Result "1/2-1/2"]
[White "Vitezslav Rasik"]
[Black "Joanna Worek"]
[WhiteElo "2467"]
[BlackElo "2330"]
[PlyCount "41"]

1. e4 c5 2. Nf3 d6 3. Bb5+ Bd7 4. Bxd7+ Nxd7 5. O-O Ngf6
6. Qe2 Rc8 7. c3 e6 8. d4 cxd4 9. cxd4 d5 10. e5 Ng8 11. Nc3
Ne7 12. Bg5 a6 13. Ne1 Qb6 14. Rd1 Nf5 15. Qd3 g6 16. g4 Be7
17. Bc1 Nh4 18. Ng2 Nxg2 19. Kxg2 h5 20. h3 Nb8 21. Ne2
1/2-1/2

[Event "ch-CZE"]
[Site "Ostrava CZE"]
[Date "2017.05.04"]
[EventDate "2017.04.29"]
[Round "6.12"]
[Result "0-1"]
[White "Joanna Worek"]
[Black "Richard Biolek Jr"]
[WhiteElo "2330"]
[BlackElo "2445"]
[PlyCount "104"]

1. e4 e5 2. Nf3 Nc6 3. Bb5 Qe7 4. O-O Nd8 5. d4 c6 6. Bc4 d6
7. a4 f6 8. dxe5 dxe5 9. b3 Be6 10. Na3 Nf7 11. Qe2 Nd6
12. Bxe6 Qxe6 13. c4 Ne7 14. c5 Nf7 15. Nc4 Ng6 16. b4 Be7
17. Ne1 O-O 18. g3 a5 19. Nxa5 Bxc5 20. bxc5 Rxa5 21. Bd2 Raa8
22. Ng2 Rfd8 23. Be3 Rd7 24. a5 Nf8 25. Nh4 g6 26. a6 bxa6
27. Rxa6 Rda7 28. Rfa1 Rxa6 29. Rxa6 Rxa6 30. Qxa6 Qd7 31. Nf3
Ne6 32. Qc4 Kg7 33. Kg2 Nfd8 34. Ne1 Nc7 35. Nd3 Nde6 36. h3
Nb5 37. f4 exf4 38. gxf4 Nbd4 39. f5 gxf5 40. exf5 Nxf5
41. Qg4+ Ng5 42. Bxg5 Qxd3 43. Bh4+ Kf7 44. Bf2 Qd5+ 45. Kg1
Ng7 46. h4 Ne6 47. Qb4 h5 48. Qb7+ Kg6 49. Qe7 Nf4 50. Qe8+
Kf5 51. Qc8+ Ke4 52. Qe8+ Qe6 0-1